000 00607cam a22002053a 4500
001 39799
003 PGUSA
005 20140828083903.0
008 130603s2013||||xxu|||||s|||||000 | eng d
040 _aPGUSA
_beng
042 _adc
100 1 _aWarner, Frank A.
245 1 0 _aBobby Blake at Rockledge School ;
_bor, Winning the Medal of Honor
_h[electronic resource] /
_cFrank A. Warner
260 _bProject Gutenberg,
_c2013
506 _aPublic domain in the USA.
516 _aElectronic text
830 0 _aProject Gutenberg
_v39799
856 4 0 _uhttp://www.gutenberg.org/ebooks/39799
942 _cEB
999 _c269052
_d269052